[Event "Las Americas Team op U2400 Hybrid"]
[Site "Internet"]
[Date "2022.05.14"]
[Round "3.10"]
[White "Huichi Ancasi, Sergio Andre"]
[Black "Mason, Kriston"]
[Result "1-0"]
[WhiteElo "1501"]
[BlackElo "1381"]
[PlyCount "75"]
[EventDate "2022.05.14"]
[EventType "team-swiss"]
[EventRounds "5"]
[EventCountry "VEN"]
[SourceTitle "EXT 2023"]
[Source "ChessBase"]
[SourceDate "2022.10.05"]
[SourceVersion "1"]
[SourceVersionDate "2022.10.05"]
[SourceQuality "1"]

1. c4 e5 2. Nc3 d6 3. g3 c6 4. Bg2 Nf6 5. d4 exd4 6. Qxd4 Be6 7. Bf4 Be7 8. Rd1 d5 9. cxd5 cxd5 10. Bxb8 Qxb8 11. Qa4+ Bd7 12. Qb3 0-0 13. Nxd5 Qd8 14. Qxb7 Qa5+ 15. b4 Qd8 16. Nxf6+ Bxf6 17. Qxd7 Bc3+ 18. Kf1 Qxd7 19. Rxd7 Rab8 20. Bd5 Rxb4 21. Nf3 h6 22. Kg2 a5 23. Rc1 Bf6 24. Rxf7 Rxf7 25. Rc8+ Kh7 26. Bxf7 Rb7 27. Bd5 Ra7 28. h4 g6 29. e4 Be7 30. Ne5 Bb4 31. Nc6 Rd7 32. Nxb4 axb4 33. Rb8 Ra7 34. Rxb4 Kg7 35. Rb7+ Rxb7 36. Bxb7 g5 37. hxg5 hxg5 38. a4 1-0